|
|
|
|
| LEADER |
00000nam a2200000 a 4500 |
| 001 |
vtls001260564 |
| 003 |
SK-MaSNL |
| 005 |
20260301234457.0 |
| 008 |
251113s1983 xr 0 eng |
| 035 |
|
|
|a SNK000211408
|
| 040 |
|
|
|a SNK
|b slo
|c SNK
|e AACR2
|
| 041 |
0 |
|
|a eng
|
| 044 |
|
|
|a CZ
|
| 100 |
1 |
|
|a Beklová, Miroslava,
|d 1946-
|4 aut
|9 177301
|
| 245 |
1 |
0 |
|a Supplement to Phenological Maps of Bird Migration. (Set of computer programs and phenological maps)
|c Miroslava Beklová, Jiří Pikula, Lubomír Šabatka
|
| 260 |
|
|
|a Praha
|b Academia
|c 1983
|
| 300 |
|
|
|a 21, 32, [3] s.
|c 8°
|
| 490 |
1 |
|
|a Acta scientiarum naturalium Academiae scientiarum bohemoslovacae - Brno
|v tom. 17. Nova series. fasc. 5
|
| 700 |
1 |
|
|a Pikula, Jiří
|4 aut
|9 381376
|
| 700 |
1 |
|
|a Šabatka, Lubomír
|4 aut
|9 518417
|
| 830 |
|
0 |
|a Acta scientiarum naturalium Academiae scientiarum bohemoslovacae - Brno. Nova series
|9 290857
|
| 958 |
|
|
|a RK
|
| 958 |
|
|
|a OND
|
| 999 |
|
|
|c 970204
|d 972134
|
| 952 |
|
|
|t P60, <04>, [BOOK], {604}
|a SNK
|b SNK
|y VYP
|7 0
|o snkIC 92055
|i snkKIP 7881/83
|0 0
|1 0
|4 0
|d 1996-05-23
|l 0
|r 2005-01-01 00:00:00
|w 2026-02-24
|
| 952 |
|
|
|t P60, <04>, [BOOK], {604}
|a SNK
|b SNK
|y VYP
|7 0
|o snkIC 92055 D1
|i snkKIP 7882/83
|0 0
|1 0
|4 0
|d 1996-05-23
|l 0
|r 2005-01-01 00:00:00
|w 2026-02-24
|